| 000 | 00000nas 2200000za 4500 |
| 001 | 9.831216 |
| 003 | CaOODSP |
| 005 | 20221107145713 |
| 007 | cr ||||||||||| |
| 008 | 170124d19671984oncar p oss f0###b0fre|d |
| 022 | |y0703-2749 |
| 040 | |aCaOODSP|bfre |
| 041 | |aeng|afre |
| 043 | |an-cn--- |
| 086 | 1 |aCS68-204-PDF |
| 245 | 00|aLocal government finance, revenue and expenditure, assets and liabilities, actual |h[ressource électronique] / |cDominion Bureau of Statistics, Governments Division, Local Government Section. |
| 246 | 13|aFinances des administrations publiques locales, recettes et dépenses, actif et passif, chiffres réels|f1970-1974 |
| 246 | 13|aFinances publiques locales, revenus et dépenses, actif et passif, chiffres réels|f1975-1982 |
| 246 | 13|aFinances publiques locales, recettes et dépenses, actif et passif, chiffres réels|f1983-1984 |
| 260 | |a[Ottawa] : |bThe Bureau, |c1970-1988. |
| 310 | |aAnnuel |
| 362 | 0 |a1967-1984. |
| 500 | |aÉdition numérisée de l’imprimé [par Statistique Canada]. |
| 546 | |aTexte en anglais seulement, 1967-1969; texte en anglais et en français, 1970-1984. |
| 550 | |aPubl. 1969-1972 par Statistique Canada, Section des administrations locales; 1973-1980 par la Section des administrations locales; 1981-1983 par la Section des recettes et dépense; 1984 par la Division des institutions publiques. |
| 692 | 07|2gccst|aMunicipalities |
| 692 | 07|2gccst|aFinance |
| 710 | 1 |aCanada.|bBureau fédéral de la statistique.|bSection des administrations locales. |
| 710 | 2 |aStatistique Canada.|bSection des administrations locales. |
| 710 | 2 |aStatistique Canada.|bSection de l'administration municipale. |
| 710 | 2 |aStatistics Canada.|bRevenue and Expenditure Section. |
| 710 | 2 |aStatistique Canada.|bDivision des institutions publiques. |
| 780 | 00|tFinances des administrations locales, recettes et dépenses, actif et passif, chiffres réels |w(CaOODSP)9.831218 |
| 791 | |tLocal government finance, revenue and expenditure, assets and liabilities, actual |eeng|w(CaOODSP)9.831214 |